Представление документа в формате MARC21

Поле Инд. ПП Название Значение
Тип записи a
Библиографический уровень m
001 Контрольный номер RU/LIBMSTU/229614672
005 Дата корректировки 20190316143027.9
008 Кодируемые данные 070416|||||||||ru |||||||||||000|||rus||
020 a ISBN 5-93295-238-5
c Цена, тираж 43-00
040 b Код языка каталог. rus
e Правила каталог. RSBO
041 0_ a Код языка текста rus
084 a Индекс другой классификации/Индекс ББК 67.410.212+67.73
090 a Полочн. индекс 67.410.2
x Авторский знак Р 93
100 1_ a Автор Рыжова Ю. Н.
245 10 a Заглавие Производство дознания в Федеральной службе судебных приставов
c Ответственность под ред. В. П. Божьева
260 a Место издания Москва
b Издательство Юрлитинформ
c Дата издания 2006
300 a Объем 149, [2] с.
440 _0 a Серия Библиотека криминалиста
504 a Библиография Библиогр.: с. 130-150
650 04 a Основная рубрика Уголовное процессуальное право Российской Федерации
653 0_ a Ключевые слова Дознание
a Ключевые слова Предварительное расследование
a Ключевые слова Судебные приставы
a Ключевые слова Уголовный процесс
901 t Тип документа m